000 02764nam a2200433 i 4500
001 194228
003 SpMaBN
005 20250804062659.0
007 ta
008 240418s2011 sp | |||| 000 f spa
017 _aB 31922-2010
_bOficina Depósito Legal Barcelona
020 _a9788481099034
035 _a(OCoLC)796314910
035 _aa5119303
040 _aSpMaBN
_bspa
_cSpMaBN
_erdc
_dES-MaACL
080 _a821.111(73)-31"19"
100 1 _aRobinson, Marilynne,
_d1943-
_0XX5070029
_9235885
245 1 0 _aGilead /
_cMarilynne Robinson ; traducción de Montserrat Gurguí y Hernan Sabaté.
250 _a4ª ed.
260 _aBarcelona :
_bGalaxia Gutenberg :
_bCírculo de Lectores,
_c2016.
300 _a267 p. ;
_c21 cm
336 _2rdacontent
_atexto
337 _2rdamedia
_asin mediación
338 _2rdacarrier
_avolumen
500 _aTraducción de: Gilead
520 _aGilead es un pequeño pueblo de Iowa, apenas un puñado de casas dispuestas a lo largo de unas pocas calles, tiendas, un elevador de grano, una torre del agua y la vieja estación del tren. Las generaciones se suceden en una vida en apariencia apacible que se organiza alrededor de las comunidades religiosas. A través de una extensa carta que el reverendo John Ames escribe a su hijo de siete años para que éste la lea una vez él haya muerto, Marilynne Robinson narra con mano maestra el orden y la nada aparentes de la comunidad. Pero en cualquier grupo humano, como en la consciencia de cualquier hombre, basta escarbar un poco para que afloren las limitaciones y las bajezas que los pueblan. Con una voz luminosa e inolvidable, John Ames abre su alma, elucubra acerca de la soledad, la guerra, la pérdida de la fe, la redención, los celos, para descubrirnos la condición humana y conseguir transmitir el milagro de la existencia. Porque Gilead es, en sí misma, una esplendorosa celebración de la vida, pero también un fiel retrato de la América profunda dominada por la religiosidad y por la ignorancia de todo lo que sucede unos kilómetros más allá.
650 7 _aNovela norteamericana
_ys. XX
_9235886
655 0 _aNovelas
_9234319
700 0 _aGurguí, Montserrat
_960976
700 1 _aSabaté, Hernán
_9101166
852 _aES-MaACL
_cDEPOJ
_jN-9887
_hDoanción: José Lázaro García
_9201768
_bR.155115
_f"Lázaro 2017"
_xEncuadernación cartoné con sobrecubiertas
903 _9234219
_aLázaro García, José
_ednr
942 _n0
_cMONOGRAFIA
999 _c194228
_d194228